01686naa a22002297a 45000010005000000030009000050050017000140080041000310400021000720410013000930440007001060800011001131000118001242450282002425000021005245200511005456550030010566500016010866500016011027000118011187730220012367195KOSZ 00520190610114406.0141020b2010 pl a|||| |||| 10| 0 pol  cBPPdKOSZ 005/EG apolbeng apl a621.921 aNADOLNY, Krzysztof.d2006 - .bPolitechnika Koszalińska - Wydział Mechaniczny,cKatedra Inżynierii Produkcji10aAnaliza warunków pracy ziaren ściernych na czynnej powierzchni ściernicy metodą szlifowania wgłębnego = bAnalysis of working conditions of abrasive grains placed on grinding wheel active surface using plunge grinding method / cKrzysztof Nadolny, Jarosław Plichta. aDane z autopsji. aW artykule przedstawiono charakterystykę autorskiej metody oceny warunków pracy ziaren ściernych w strefie szlifowania. Scharakteryzowano dwie odmiany metody. Pierwsza z nich polega na wcinaniu w materiał szlifowany ściernicy z nakrojem stożkowym. W drugiej odmianie wcinana jest ściernica ze stopniami o różnej średnicy ukształtowanymi na jej czynnej powierzchni. W pracy opisano przykład zastosowania metody w procesie szlifowania walcowych powierzchni wewnętrznych w skali 100Cr6. 0aMateriały konferencyjne. 0aSzlifowanie 0aŚciernica1 aPLICHTA, Jarosław.d1996 - .bPolitechnika Koszalińska - Wydział Mechaniczny,cKatedra Inżynierii Produkcji0 iW :tPodstawy i technika obróbki ściernej / pod red. A. Gołąbczaka i B. Kruszyńskiego. -dŁódź : Politechnika Łódzka, 2010. -gs. 165-176kMonografia Wydziału Mechanicznego / Politechnika Łódzka